Normal view MARC view
  • PC AQSA RAHIM NC AMNA SAGHEER NC KHUNSHA NADEEM NC ZAID BIN SHABBIR

Entry Personal Name

Number of records used in: 1

001 - CONTROL NUMBER

  • control field: 70687

003 - CONTROL NUMBER IDENTIFIER

  • control field: NUST

005 - DATE AND TIME OF LATEST TRANSACTION

  • control field: 20210628204532.0

008 - FIXED-LENGTH DATA ELEMENTS

  • fixed length control field: 210628|| aca||aabn | a|a d

040 ## - CATALOGING SOURCE

  • Original cataloging agency: NUST
  • Transcribing agency: NUST

100 ## - HEADING--PERSONAL NAME

  • Personal name: PC AQSA RAHIM NC AMNA SAGHEER NC KHUNSHA NADEEM NC ZAID BIN SHABBIR

670 ## - SOURCE DATA FOUND

  • Source citation: Work cat.: (NUST): PC AQSA RAHIM NC AMNA SAGHEER NC KHUNSHA NADEEM NC ZAID BIN SHABBIR , PR-SOF-1855-Emotion Charting Using Real-Time Monitoring of Physiological Signals, 2019
© 2023 Central Library, National University of Sciences and Technology. All Rights Reserved.